000 01276nam a2200325 a 4500
003 DO-SdBNP
005 20230911152412.0
007 ta
008 110325s2022 dr 001 0 spa d
020 _a9789945634105
040 _aDO-SdBNP
_bspa
_cBNPHU
082 4 _axxx
_bxxx
_222
100 _aGrasmuck, Sherri
_99482
245 1 0 _aEntre dos islas :
_bla migración internacional dominicana /
_cSherri Grasmuck, Patricia R. Pessar ; presentación Samuel Pereyra Rojas, Wilfredo Lozano ;
260 _aSanto Domingo :
_bInstituto Nacional de Migración,
_bBanco de Reservas,
_c2022.
300 _a264 p. :
_c23 cm.
490 1 _aClásicos de la Migración Dominicana
500 _aIncluye datos biográficos de las autoras en la solapa de la portada.
500 _aIncluye Índice de cuadros, grafícos, mapas y diagramas
500 _aIncluye notas y biografías a pie de paginas.
500 _aIncluye índice onomástico.
504 _aBibliografía : p. 235-258
590 _aInventariado, 2022/ YL
700 1 _aPessar, Patricia R.
_d1949-2012
_983015
700 1 _aPereyra Rojas, Samuel
_epres.
_983007
700 1 _aLozano, Wilfredo
_epres.
_981507
830 _aClásicos de la Migración Dominicana
_983013
910 _aYLockward
942 _2ddc
_cLBS1
999 _c53102
_d53102